[Event "SVK-chT1W 2223"]
[Site "Slovakia"]
[Date "2022.10.16"]
[Round "2.6"]
[White "Rakovsky, Jakub"]
[Black "Macka, Oto"]
[Result "1-0"]
[WhiteElo "1898"]
[BlackElo "1941"]
[PlyCount "97"]
[EventDate "2022.10.15"]
[EventType "team-tourn"]
[EventRounds "11"]
[EventCountry "SVK"]
[SourceTitle "EXT 2024"]
[Source "ChessBase"]
[SourceDate "2023.10.10"]
[SourceVersion "1"]
[SourceVersionDate "2023.10.10"]
[SourceQuality "1"]
[WhiteTeam "Nitra NSK"]
[BlackTeam "Bratislava Doprastav"]
[WhiteTeamCountry "SVK"]
[BlackTeamCountry "SVK"]

1. e4 e6 2. d3 d5 3. Qe2 Nf6 4. g3 Be7 5. Bg2 0-0 6. Nf3 c5 7. 0-0 Nc6 8. e5 Nd7 9. c4 d4 10. h4 Rb8 11. Bf4 a6 12. Nbd2 b5 13. b3 Nb6 14. Ng5 Bb7 15. Qh5 Bxg5 16. hxg5 Nd7 17. Ne4 Ncxe5 18. Nxc5 Nxc5 19. Bxe5 Rc8 20. Bxb7 Nxb7 21. Kg2 f6 22. gxf6 gxf6 23. Qg4+ Kh8 24. Rh1 Qe7 25. Bxd4 Rf7 26. Rae1 Re8 27. Rh6 Nd6 28. Rh5 Rg7 29. Qf3 e5 30. Bc5 Qe6 31. d4 Nf7 32. dxe5 Nxe5 33. Qd5 bxc4 34. Qxe6 Rxe6 35. f4 Rc6 36. b4 Ng6 37. Re8+ Rg8 38. Rxg8+ Kxg8 39. Rh1 a5 40. a3 axb4 41. axb4 Nf8 42. Rc1 Nd7 43. Rxc4 f5 44. Rd4 Nxc5 45. Rc4 Kf7 46. Rxc5 Rxc5 47. bxc5 Ke6 48. Kh3 Kd5 49. Kh4 1-0

[Event "SVK-chT1W 2122"]
[Site "Slovakia"]
[Date "2021.11.06"]
[Round "1.6"]
[White "Lasch, Miroslav"]
[Black "Macka, Oto"]
[Result "1/2-1/2"]
[WhiteElo "2034"]
[BlackElo "2047"]
[PlyCount "104"]
[EventDate "2021.11.06"]
[EventType "team-tourn"]
[EventRounds "11"]
[EventCountry "SVK"]
[SourceTitle "EXT 2023"]
[Source "ChessBase"]
[SourceDate "2022.10.05"]
[SourceVersion "1"]
[SourceVersionDate "2022.10.05"]
[SourceQuality "1"]
[WhiteTeam "Dubnica nad Vahom II"]
[BlackTeam "Bratislava Doprastav"]
[WhiteTeamCountry "SVK"]
[BlackTeamCountry "SVK"]

1. e4 c5 2. Nf3 Nc6 3. Nc3 e5 4. Bc4 Be7 5. d3 Nf6 6. a4 0-0 7. 0-0 d6 8. h3 Be6 9. Re1 Qc7 10. Nb5 Qd7 11. c3 a6 12. Na3 Qc7 13. Bxe6 fxe6 14. Ng5 Qd7 15. Nc4 h6 16. Nf3 Qc7 17. Qb3 Rae8 18. Ne3 Bd8 19. Nf5 Na5 20. Qa2 c4 21. Nxh6+ gxh6 22. Bxh6 Rf7 23. Ng5 Rd7 24. Re3 Nh7 25. h4 Nxg5 26. hxg5 Kh7 27. Rh3 Rg8 28. Qb1 Rdg7 29. Qd1 Qf7 30. Qg4 Rf8 31. Bxg7+ Kxg7 32. Qh4 Qg6 33. Rg3 Bb6 34. Qh6+ Qxh6 35. gxh6+ Kxh6 36. Rh3+ Kg7 37. Rg3+ Kf7 38. Rf3+ Ke7 39. Rxf8 Kxf8 40. dxc4 Nxc4 41. b4 d5 42. a5 Ba7 43. exd5 exd5 44. Kf1 Nd2+ 45. Ke2 Ne4 46. Rc1 Ke7 47. f3 Nd6 48. Rh1 e4 49. Rh7+ Ke6 50. Rh6+ Ke7 51. Rh7+ Ke6 52. Rh6+ Ke7 1/2-1/2

[Event "SVK-chT2A 1920"]
[Site "Slovakia"]
[Date "2020.02.15"]
[Round "8.1"]
[White "Macka, Oto"]
[Black "Danada, Tomas"]
[Result "0-1"]
[WhiteElo "2084"]
[BlackElo "2306"]
[PlyCount "122"]
[EventDate "2019.10.26"]
[EventType "team-tourn"]
[EventRounds "11"]
[EventCountry "SVK"]
[SourceTitle "CBM 195 Extra"]
[Source "ChessBase"]
[SourceDate "2020.05.31"]
[SourceVersion "1"]
[SourceVersionDate "2020.05.31"]
[SourceQuality "1"]
[WhiteTeam "Bratislava Doprastav II"]
[BlackTeam "Gbely Nafta"]
[WhiteTeamCountry "SVK"]
[BlackTeamCountry "SVK"]

1. e4 c5 2. Nf3 Nc6 3. Bb5 Na5 4. c3 Nf6 5. e5 Nd5 6. 0-0 a6 7. Bd3 d6 8. Be4 Nb6 9. d4 d5 10. Bd3 c4 11. Bc2 Bg4 12. Nbd2 e6 13. b4 Nc6 14. a4 a5 15. b5 Ne7 16. Ba3 Bh5 17. Re1 Kd7 18. Nf1 h6 19. Ne3 Qe8 20. Bc5 Nec8 21. Qe2 Be7 22. Bd1 Qf8 23. Bxe7 Qxe7 24. Qa2 Bg6 25. Be2 Rd8 26. Nd2 Qf8 27. f4 Ne7 28. g4 f5 29. exf6 gxf6 30. Qa3 Nec8 31. Qc5 Qd6 32. f5 exf5 33. Bf3 Ne7 34. gxf5 Bxf5 35. Nxf5 Nxf5 36. Kh1 Rac8 37. Qxd6+ Nxd6 38. Rg1 Rg8 39. Bg4+ f5 40. Bh3 Ke6 41. Rgf1 Kf6 42. Nf3 Ne4 43. Nh4 Rcf8 44. Nxf5 Rg5 45. Nd6+ Ke7 46. Rxf8 Kxf8 47. Rf1+ Ke7 48. Nxb7 Nxa4 49. Nxa5 Naxc3 50. b6 Nd1 51. Bg2 Ndf2+ 52. Kg1 Nh3+ 53. Kh1 Nef2+ 54. Rxf2 Nxf2+ 55. Kg1 Nh3+ 56. Kf1 Nf4 57. b7 Rg8 58. Nc6+ Kd6 59. b8Q+ Rxb8 60. Nxb8 Nxg2 61. Na6 Ne3+ 0-1

[Event "SVK-chT1W 1920"]
[Site "Slovakia"]
[Date "2020.01.25"]
[Round "7.8"]
[White "Macka, Oto"]
[Black "Privara, Igor"]
[Result "1/2-1/2"]
[WhiteElo "2096"]
[BlackElo "2188"]
[PlyCount "114"]
[EventDate "2019.10.12"]
[EventType "team-tourn"]
[EventRounds "11"]
[EventCountry "SVK"]
[SourceTitle "CBM 194 Extra"]
[Source "ChessBase"]
[SourceDate "2020.03.31"]
[SourceVersion "1"]
[SourceVersionDate "2020.03.31"]
[SourceQuality "1"]
[WhiteTeam "Bratislava Doprastav"]
[BlackTeam "Bratislava Slovan II"]
[WhiteTeamCountry "SVK"]
[BlackTeamCountry "SVK"]

1. e4 c5 2. Nf3 Nc6 3. Bb5 g6 4. Bxc6 dxc6 5. d3 Bg7 6. Nc3 Nf6 7. Be3 Nd7 8. Qd2 e5 9. Bh6 Bxh6 10. Qxh6 Qf6 11. 0-0 Nf8 12. Ne1 Ne6 13. Ne2 Bd7 14. c3 0-0-0 15. f4 exf4 16. Nxf4 Nxf4 17. Rxf4 Qe7 18. Qg7 Be6 19. Qf6 Rhe8 20. a3 Qxf6 21. Rxf6 Rd7 22. b4 cxb4 23. axb4 b6 24. d4 Kb7 25. Nf3 Bc4 26. Ne5 Rxe5 27. dxe5 Re7 28. Kf2 Rxe5 29. Kf3 a5 30. bxa5 Rxa5 31. Rxa5 bxa5 32. Ke3 Kb6 33. Kd4 Kb5 34. Rf2 c5+ 35. Ke3 a4 36. Kd2 Bb3 37. Kc1 a3 38. g4 Be6 39. g5 Kc4 40. Rf3 Kb3 41. Kb1 Bc4 42. Rh3 Be6 43. Rf3 a2+ 44. Ka1 Kc2 45. Rg3 Bc4 46. Rf3 Kd2 47. Kb2 Ke2 48. Rh3 Be6 49. Rg3 Kd2 50. Rf3 Bc4 51. Rh3 Be6 52. Rf3 Bb3 53. Rh3 Ke2 54. Rg3 Be6 55. Ka1 Kd1 56. Kb2 Ke2 57. Rh3 Bc4 1/2-1/2

[Event "SVK-chT2A 1920"]
[Site "Slovakia"]
[Date "2019.12.15"]
[Round "6.1"]
[White "Macka, Oto"]
[Black "Ruckschloss, Karol"]
[Result "1/2-1/2"]
[WhiteElo "2084"]
[BlackElo "2209"]
[PlyCount "59"]
[EventDate "2019.10.26"]
[EventType "team-tourn"]
[EventRounds "11"]
[EventCountry "SVK"]
[SourceTitle "CBM 194 Extra"]
[Source "ChessBase"]
[SourceDate "2020.03.31"]
[SourceVersion "1"]
[SourceVersionDate "2020.03.31"]
[SourceQuality "1"]
[WhiteTeam "Bratislava Doprastav II"]
[BlackTeam "Bratislava Slovan IV"]
[WhiteTeamCountry "SVK"]
[BlackTeamCountry "SVK"]

1. e4 d6 2. d4 Nf6 3. Nc3 g6 4. Be3 c6 5. h3 b5 6. Bd3 b4 7. Nce2 a5 8. a3 Na6 9. c3 bxc3 10. bxc3 Bg7 11. f4 0-0 12. Nf3 c5 13. 0-0 cxd4 14. cxd4 Nc7 15. Rf2 Ba6 16. Bc2 d5 17. e5 Ne4 18. Bxe4 dxe4 19. Ng5 f5 20. exf6 exf6 21. Nxe4 Re8 22. N2c3 Bb7 23. Qd3 Bxe4 24. Nxe4 Qe7 25. Qc4+ Qe6 26. Qxc7 Qxe4 27. Rf3 f5 28. Rc1 Re7 29. Qc4+ Kh8 30. d5 1/2-1/2

[Event "SVK-chT2A 1920"]
[Site "Slovakia"]
[Date "2019.12.14"]
[Round "5.1"]
[White "Macka, Oto"]
[Black "Dolnak, Michal"]
[Result "1/2-1/2"]
[WhiteElo "2084"]
[BlackElo "2240"]
[PlyCount "43"]
[EventDate "2019.10.26"]
[EventType "team-tourn"]
[EventRounds "11"]
[EventCountry "SVK"]
[SourceTitle "CBM 194 Extra"]
[Source "ChessBase"]
[SourceDate "2020.03.31"]
[SourceVersion "1"]
[SourceVersionDate "2020.03.31"]
[SourceQuality "1"]
[WhiteTeam "Bratislava Doprastav II"]
[BlackTeam "Krasnany"]
[WhiteTeamCountry "SVK"]
[BlackTeamCountry "SVK"]

1. e4 e5 2. Nf3 Nc6 3. Bc4 Bc5 4. 0-0 Nf6 5. d3 a6 6. c3 Ba7 7. Be3 d6 8. Bxa7 Rxa7 9. Re1 0-0 10. Nbd2 Ne7 11. Nf1 Ng6 12. b4 c6 13. Bb3 a5 14. a3 Qc7 15. d4 Bd7 16. Qd2 axb4 17. cxb4 Rfa8 18. Qb2 exd4 19. Nxd4 c5 20. bxc5 Qxc5 21. Re3 Nf4 22. Ng3 1/2-1/2

[Event "SVK-chT2A 1920"]
[Site "Slovakia"]
[Date "2019.11.16"]
[Round "3.1"]
[White "Jablonicky, Martin"]
[Black "Macka, Oto"]
[Result "1-0"]
[WhiteElo "2256"]
[BlackElo "2083"]
[PlyCount "81"]
[EventDate "2019.10.26"]
[EventType "team-tourn"]
[EventRounds "11"]
[EventCountry "SVK"]
[SourceTitle "CBM 193 Extra"]
[Source "ChessBase"]
[SourceDate "2020.01.31"]
[SourceVersion "1"]
[SourceVersionDate "2020.01.31"]
[SourceQuality "1"]
[WhiteTeam "Trnava Sered"]
[BlackTeam "Bratislava Doprastav II"]
[WhiteTeamCountry "SVK"]
[BlackTeamCountry "SVK"]

1. e4 e5 2. Nf3 Nc6 3. Bb5 a6 4. Ba4 Nf6 5. 0-0 Be7 6. Re1 b5 7. Bb3 0-0 8. a4 b4 9. d3 d6 10. Nbd2 h6 11. h3 Re8 12. Nc4 Bf8 13. d4 exd4 14. Nxd4 Nxd4 15. Qxd4 Be6 16. Bf4 Nd7 17. Ne3 Qf6 18. Qxf6 Nxf6 19. Bxe6 fxe6 20. e5 Nd7 21. exd6 cxd6 22. Rad1 d5 23. Ng4 Rac8 24. Re2 Kf7 25. Ne5+ Nxe5 26. Bxe5 Rc6 27. Rd3 Be7 28. Rf3+ Bf6 29. Rf4 a5 30. c3 b3 31. Re3 Rc4 32. Rxc4 dxc4 33. Bxf6 gxf6 34. Kf1 e5 35. Re4 Rc8 36. f4 exf4 37. Rxf4 Rc5 38. Ke2 Ke6 39. Ke3 h5 40. Re4+ Kd5 41. Rh4 1-0

[Event "SVK-chT1W 1920"]
[Site "Slovakia"]
[Date "2019.11.09"]
[Round "3.6"]
[White "Macka, Oto"]
[Black "Szocs, Ladislav"]
[Result "1-0"]
[WhiteElo "2096"]
[BlackElo "1768"]
[PlyCount "45"]
[EventDate "2019.10.12"]
[EventType "team-tourn"]
[EventRounds "11"]
[EventCountry "SVK"]
[SourceTitle "CBM 193 Extra"]
[Source "ChessBase"]
[SourceDate "2020.01.31"]
[SourceVersion "1"]
[SourceVersionDate "2020.01.31"]
[SourceQuality "1"]
[WhiteTeam "Bratislava Doprastav"]
[BlackTeam "Orechova Poton"]
[WhiteTeamCountry "SVK"]
[BlackTeamCountry "SVK"]

1. e4 d5 2. exd5 Nf6 3. d4 Nxd5 4. c4 Nb6 5. Be3 g6 6. Nc3 Bg7 7. Nf3 Bg4 8. h3 Bxf3 9. Qxf3 Nc6 10. c5 Nd7 11. Bc4 0-0 12. 0-0 e6 13. g4 Rb8 14. h4 e5 15. Bg5 Qe8 16. Rfe1 Na5 17. Bb5 c6 18. Bf1 b6 19. Ne4 Qe6 20. Kh1 bxc5 21. Qc3 Nb7 22. dxe5 Qxg4 23. Bh3 1-0

[Event "SVK-chT2A 1920"]
[Site "Slovakia"]
[Date "2019.10.27"]
[Round "2.1"]
[White "Macka, Oto"]
[Black "Gasa, Patrik"]
[Result "1-0"]
[WhiteElo "2096"]
[BlackElo "2164"]
[PlyCount "47"]
[EventDate "2019.10.26"]
[EventType "team-tourn"]
[EventRounds "11"]
[EventCountry "SVK"]
[SourceTitle "CBM 193 Extra"]
[Source "ChessBase"]
[SourceDate "2020.01.31"]
[SourceVersion "1"]
[SourceVersionDate "2020.01.31"]
[SourceQuality "1"]
[WhiteTeam "Bratislava Doprastav II"]
[BlackTeam "Piestany Kupele"]
[WhiteTeamCountry "SVK"]
[BlackTeamCountry "SVK"]

1. d4 g6 2. e4 Bg7 3. Nc3 d6 4. Be3 Nf6 5. Qd2 a6 6. Bh6 Bxh6 7. Qxh6 c5 8. dxc5 dxc5 9. e5 Qb6 10. 0-0-0 Ng4 11. Qg7 Rf8 12. Nd5 Qa5 13. Nh3 Be6 14. Ndf4 Qxa2 15. Rd8+ Kxd8 16. Qxf8+ Kd7 17. Nxe6 Qxe6 18. Be2 Nxe5 19. Rd1+ Kc6 20. Nf4 Qf5 21. Nd5 Qe6 22. Nxe7+ Kb6 23. Nc8+ Ka5 24. Qxc5+ 1-0

[Event "SVK-chT2A 1819"]
[Site "Slovakia"]
[Date "2019.03.02"]
[Round "8.6"]
[White "Macka, Oto"]
[Black "Moravcik, Denis"]
[Result "1-0"]
[WhiteElo "2066"]
[BlackElo "1716"]
[PlyCount "47"]
[EventDate "2018.10.13"]
[EventType "team-tourn"]
[EventRounds "11"]
[EventCountry "SVK"]
[SourceTitle "EXT 2020"]
[Source "ChessBase"]
[SourceDate "2019.10.17"]
[SourceVersion "1"]
[SourceVersionDate "2019.10.17"]
[SourceQuality "1"]
[WhiteTeam "Bratislava Doprastav"]
[BlackTeam "Pezinok"]
[WhiteTeamCountry "SVK"]
[BlackTeamCountry "SVK"]

1. d4 d5 2. c4 e6 3. Nc3 Nf6 4. cxd5 exd5 5. Bg5 c6 6. e3 Bb4 7. Bd3 0-0 8. Nge2 Be6 9. 0-0 Nbd7 10. Qc2 h6 11. Bh4 Qc7 12. Rad1 a6 13. f3 Bd6 14. Bg3 Nh5 15. Bxd6 Qxd6 16. e4 Nf4 17. e5 Nxe2+ 18. Qxe2 Qe7 19. f4 f6 20. f5 fxe5 21. fxe6 Qxe6 22. dxe5 Nxe5 23. Bb1 Qd6 24. Rxf8+ 1-0

[Event "SVK-chT2A 1819"]
[Site "Slovakia"]
[Date "2018.11.18"]
[Round "4.6"]
[White "Slaby, Jozef"]
[Black "Macka, Oto"]
[Result "0-1"]
[WhiteElo "1738"]
[BlackElo "2056"]
[PlyCount "48"]
[EventDate "2018.10.13"]
[EventType "team-tourn"]
[EventRounds "11"]
[EventCountry "SVK"]
[SourceTitle "CBM 189 Extra"]
[Source "ChessBase"]
[SourceDate "2019.06.03"]
[SourceVersion "1"]
[SourceVersionDate "2019.06.03"]
[SourceQuality "1"]
[WhiteTeam "Piestany Kupele"]
[BlackTeam "Bratislava Doprastav"]
[WhiteTeamCountry "SVK"]
[BlackTeamCountry "SVK"]

1. Nf3 e6 2. c4 f5 3. g3 Nf6 4. Bg2 Be7 5. d4 d6 6. Nc3 0-0 7. 0-0 a5 8. d5 e5 9. Ng5 Na6 10. Na4 Qe8 11. Ne6 Bxe6 12. dxe6 c6 13. Bd2 Bd8 14. a3 Qxe6 15. Qc2 Nd7 16. b4 axb4 17. axb4 e4 18. Rfd1 Bf6 19. Rab1 Nc7 20. Be3 Ne5 21. Nb6 Rad8 22. b5 g5 23. Qa4 Rf7 24. bxc6 bxc6 0-1

[Event "SVK-chT2A 1718"]
[Site "Slovakia"]
[Date "2017.10.28"]
[Round "1.3"]
[White "Macka, Oto"]
[Black "Arendas, Marek"]
[Result "1-0"]
[WhiteElo "2019"]
[BlackElo "2095"]
[PlyCount "44"]
[EventDate "2017.10.28"]
[EventType "team-tourn"]
[EventRounds "11"]
[EventCountry "SVK"]
[SourceTitle "EXT 2019"]
[Source "ChessBase"]
[SourceDate "2018.10.10"]
[SourceVersion "1"]
[SourceVersionDate "2018.10.10"]
[SourceQuality "1"]
[WhiteTeam "Bratislava Doprastav II"]
[BlackTeam "Trnava Lokomotiva II"]
[WhiteTeamCountry "SVK"]
[BlackTeamCountry "SVK"]

1. e4 c5 2. Nf3 e6 3. b3 b6 4. Bb2 Bb7 5. Bd3 d6 6. 0-0 Nf6 7. e5 dxe5 8. Nxe5 Bd6 9. f4 Qc7 10. Qe2 Nc6 11. Na3 a6 12. Nac4 Be7 13. Nxc6 Bxc6 14. Ne5 Bb7 15. a4 Rd8 16. Rae1 c4 17. Nxc4 0-0 18. Be5 Qc5+ 19. Kh1 g6 20. Bb2 Rfe8 21. Ne5 Rxd3 22. Nxd3 Nd5 1-0

[Event "SVK-chT2A 1617"]
[Site "Slovakia"]
[Date "2016.12.04"]
[Round "6.3"]
[White "Macka, Oto"]
[Black "Veselsky, Jozef"]
[Result "1/2-1/2"]
[WhiteElo "2062"]
[BlackElo "2081"]
[PlyCount "101"]
[EventDate "2016.10.08"]
[EventType "team-tourn"]
[EventRounds "11"]
[EventCountry "SVK"]
[SourceTitle "EXT 2018"]
[Source "ChessBase"]
[SourceDate "2017.10.13"]
[SourceVersion "1"]
[SourceVersionDate "2017.10.13"]
[SourceQuality "1"]
[WhiteTeam "Bratislava Doprastav II"]
[BlackTeam "Potonska Veza"]
[WhiteTeamCountry "SVK"]
[BlackTeamCountry "SVK"]

1. e4 c5 2. Nf3 Nc6 3. Bb5 g6 4. Bxc6 dxc6 5. d3 Bg7 6. Nc3 Nf6 7. h3 0-0 8. 0-0 Qc7 9. a4 b6 10. a5 Ba6 11. e5 Nd5 12. Re1 Nb4 13. Bf4 Rad8 14. Qc1 Qc8 15. Ne4 Rd5 16. Nc3 Rdd8 17. Ne4 Qf5 18. Ng3 Qe6 19. Re4 Nxc2 20. Qxc2 Bxd3 21. Qc3 Bxe4 22. Nxe4 f6 23. Re1 fxe5 24. Neg5 Qf5 25. Bxe5 Bxe5 26. Qxe5 Qxe5 27. Rxe5 Rd7 28. Kf1 h6 29. Ne4 Kf7 30. Ned2 Rd5 31. Re3 Rfd8 32. Ke2 b5 33. Ne5+ Kf6 34. Ndf3 R8d6 35. Ng4+ Kg7 36. Rxe7+ Kf8 37. Rxa7 Re6+ 38. Ne3 Rd4 39. b3 Rb4 40. Nd2 c4 41. bxc4 bxc4 42. a6 c3 43. Nf3 Rb2+ 44. Kd3 Rxf2 45. Nc2 c5 46. Nfe1 Rf4 47. Kxc3 Ra4 48. Rc7 Raxa6 49. Rxc5 Re2 50. Kd4 Rae6 51. Rc3 1/2-1/2

[Event "SVK-chT2B 1516"]
[Site "Slovakia"]
[Date "2015.12.06"]
[Round "6.4"]
[White "Sopko, Rudolf"]
[Black "Macka, Oto"]
[Result "0-1"]
[WhiteElo "1846"]
[BlackElo "2056"]
[PlyCount "60"]
[EventDate "2015.10.17"]
[EventType "team-tourn"]
[EventRounds "11"]
[EventCountry "SVK"]
[SourceTitle "EXT 2019"]
[Source "ChessBase"]
[SourceDate "2018.10.10"]
[SourceVersion "1"]
[SourceVersionDate "2018.10.10"]
[SourceQuality "1"]
[WhiteTeam "Trencin PK"]
[BlackTeam "Topolciansky CVC"]
[WhiteTeamCountry "SVK"]
[BlackTeamCountry "SVK"]

1. e4 c5 2. Nf3 d6 3. c3 Nf6 4. Be2 e5 5. d3 Be7 6. 0-0 0-0 7. a3 h6 8. b4 Qc7 9. c4 Nc6 10. b5 Nd8 11. h3 Nh7 12. Nc3 Be6 13. Bd2 f5 14. exf5 Rxf5 15. Qc1 Rf8 16. Nh2 Bg5 17. f4 exf4 18. Bxf4 Nf7 19. Ng4 Rae8 20. Ne4 Bxf4 21. Rxf4 d5 22. cxd5 Bxd5 23. Bf3 Bxe4 24. Bxe4 Nhg5 25. Bd5 Ne6 26. Qc4 Nxf4 27. Rf1 Nxd5 28. Qxd5 Qd6 29. Qf3 Ne5 30. Qe2 Nf3+ 0-1

[Event "SVK-chT2A 1213"]
[Site "Slovakia"]
[Date "2013.02.17"]
[Round "9.8"]
[White "Macka, Oto"]
[Black "Habrovsky, Richard"]
[Result "1/2-1/2"]
[WhiteElo "2027"]
[BlackElo "1970"]
[PlyCount "87"]
[EventDate "2012.10.13"]
[EventType "team-tourn"]
[EventRounds "11"]
[EventCountry "SVK"]
[SourceTitle "EXT 2015"]
[Source "ChessBase"]
[SourceDate "2014.11.20"]
[SourceVersion "1"]
[SourceVersionDate "2014.11.20"]
[SourceQuality "1"]
[WhiteTeam "Devinska Nova Ves"]
[BlackTeam "Bratislava Doprastav III"]
[WhiteTeamCountry "SVK"]
[BlackTeamCountry "SVK"]

1. c4 e5 2. Nc3 f5 3. d4 exd4 4. Qxd4 Nc6 5. Qe3+ Qe7 6. Nd5 Qxe3 7. Bxe3 Kd8 8. a3 h6 9. Nf3 Nge7 10. g3 Ng6 11. Bg2 Nce5 12. Nxe5 Nxe5 13. Rc1 c6 14. Bd4 Ng6 15. Ne3 d6 16. f4 Rg8 17. 0-0 Ne7 18. Rfd1 Kc7 19. b4 Be6 20. c5 d5 21. a4 g5 22. fxg5 hxg5 23. Rf1 Bg7 24. Nc2 Raf8 25. e3 Ng6 26. Bxg7 Rxg7 27. Nd4 Bd7 28. Rc3 f4 29. exf4 gxf4 30. Re1 Rfg8 31. b5 fxg3 32. Rxg3 Nf4 33. Ree3 Nxg2 34. Kxg2 Rxg3+ 35. hxg3 Rg4 36. Rd3 b6 37. cxb6+ axb6 38. bxc6 Bxc6 39. Kf3 Re4 40. Nxc6 Kxc6 41. Ra3 Kd6 42. g4 Rc4 43. a5 bxa5 44. Rxa5 1/2-1/2

[Event "Zilina Region-ch"]
[Site "Zilina"]
[Date "2011.05.06"]
[Round "1"]
[White "Macka, Oto"]
[Black "Nemsak, Denis"]
[Result "1/2-1/2"]
[WhiteElo "2059"]
[BlackElo "1889"]
[PlyCount "116"]
[EventDate "2011.05.06"]
[EventType "swiss"]
[EventRounds "7"]
[EventCountry "SVK"]
[SourceTitle "EXT 2012"]
[Source "ChessBase"]
[SourceDate "2011.11.24"]
[SourceVersion "1"]
[SourceVersionDate "2011.11.24"]
[SourceQuality "1"]

1. e4 d5 2. exd5 Nf6 3. d4 Nxd5 4. Nf3 Bf5 5. c4 Nb4 6. Na3 e6 7. Be2 c5 8. 0-0 N8c6 9. Be3 Be7 10. dxc5 0-0 11. Qb3 Qa5 12. Nb5 Rfd8 13. Bd2 a6 14. Nd6 Bxd6 15. cxd6 Qc5 16. Rac1 Qxd6 17. c5 Qd5 18. Bc4 Qxc5 19. a3 Nc2 20. Rxc2 Bxc2 21. Qxc2 Nd4 22. Nxd4 Rxd4 23. b3 b5 24. Be3 bxc4 25. Bxd4 Qxd4 26. Qxc4 Qxc4 27. bxc4 Rc8 28. Rc1 Rc5 29. Kf1 Kf8 30. Ke2 Ke7 31. Kd3 Kd6 32. Kc3 Re5 33. Rc2 Re1 34. Kb4 Ra1 35. Rc3 Ra2 36. Rf3 f5 37. g3 g6 38. h4 Rd2 39. Ka5 Kc5 40. Kxa6 e5 41. a4 e4 42. Rf4 Kxc4 43. Kb6 Rb2+ 44. Kc6 Ra2 45. g4 Rxa4 46. gxf5 Ra6+ 47. Kd7 gxf5 48. Rxf5 Kd4 49. Ke7 e3 50. Rf4+ Kd3 51. fxe3 Kxe3 52. Rf6 Ra7+ 53. Ke6 Ke4 54. h5 Ra6+ 55. Kf7 Ra7+ 56. Kg8 Ke5 57. Rf1 h6 58. Rf2 Rb7 1/2-1/2

[Event "SVK-chT2C 10/11"]
[Site "Slovakia"]
[Date "2011.02.06"]
[Round "7.5"]
[White "Adamko, Peter"]
[Black "Macka, Oto"]
[Result "1/2-1/2"]
[WhiteElo "2161"]
[BlackElo "2025"]
[PlyCount "74"]
[EventDate "2010.10.23"]
[EventType "team-tourn"]
[EventRounds "11"]
[EventCountry "SVK"]
[SourceTitle "EXT 2019"]
[Source "ChessBase"]
[SourceDate "2018.10.10"]
[SourceVersion "1"]
[SourceVersionDate "2018.10.10"]
[SourceQuality "1"]
[WhiteTeam "Zilina DMS"]
[BlackTeam "Sklene Patriots CC"]
[WhiteTeamCountry "SVK"]
[BlackTeamCountry "SVK"]

1. e4 e5 2. Nf3 Nc6 3. d4 exd4 4. Bc4 Nf6 5. e5 d5 6. Bb5 Ne4 7. Nxd4 Bd7 8. Bxc6 bxc6 9. 0-0 Bc5 10. Be3 Bb6 11. f3 Nc5 12. f4 0-0 13. c3 f6 14. b4 Ne6 15. Nd2 fxe5 16. fxe5 Qe7 17. a3 c5 18. Nf5 Qe8 19. Qg4 cxb4 20. Bxb6 axb6 21. axb4 Rxa1 22. Rxa1 g6 23. Nd4 Rf4 24. Qg3 Nxd4 25. cxd4 Rxd4 26. Qc3 Qxe5 27. Rf1 Qg7 28. Qxc7 h6 29. Nf3 Re4 30. Qxb6 Kh7 31. Rd1 Bg4 32. Rc1 Bxf3 33. gxf3 Rc4 34. Rxc4 dxc4 35. Qc5 Qa1+ 36. Kf2 Qb2+ 37. Kg3 c3 1/2-1/2

[Event "SVK-chT2C 10/11"]
[Site "Slovakia"]
[Date "2011.02.05"]
[Round "6.6"]
[White "Macka, Oto"]
[Black "Sedlacek, Pavol"]
[Result "1/2-1/2"]
[WhiteElo "2025"]
[BlackElo "2182"]
[PlyCount "141"]
[EventDate "2010.10.23"]
[EventType "team-tourn"]
[EventRounds "11"]
[EventCountry "SVK"]
[SourceTitle "EXT 2019"]
[Source "ChessBase"]
[SourceDate "2018.10.10"]
[SourceVersion "1"]
[SourceVersionDate "2018.10.10"]
[SourceQuality "1"]
[WhiteTeam "Sklene Patriots CC"]
[BlackTeam "Cadca Caissa"]
[WhiteTeamCountry "SVK"]
[BlackTeamCountry "SVK"]

1. e4 c6 2. d4 d5 3. e5 Bf5 4. Be3 e6 5. Nf3 Ne7 6. Be2 Nd7 7. 0-0 Bg6 8. Nh4 Nf5 9. Nxg6 hxg6 10. Nd2 c5 11. c3 a6 12. Nf3 Be7 13. Qd2 Qb6 14. dxc5 Bxc5 15. Bxc5 Qxc5 16. Rfe1 Nh4 17. Qd4 Nxf3+ 18. Bxf3 Rc8 19. Rad1 Qxd4 20. Rxd4 Ke7 21. Bd1 Rc5 22. Rb4 b6 23. f4 a5 24. Rd4 Rb8 25. Kf2 b5 26. g3 b4 27. cxb4 axb4 28. Bb3 Rb6 29. Rdd1 Rb7 30. Rc1 Rbc7 31. Rxc5 Nxc5 32. Bc2 Ra7 33. Bb1 Na4 34. Re2 Rc7 35. Rc2 Rxc2+ 36. Bxc2 Nxb2 37. Ke3 Kd7 38. g4 Kc6 39. Kd4 Kb5 40. h4 Na4 41. f5 gxf5 42. gxf5 exf5 43. Bxf5 Kc6 44. Bh7 Nc3 45. Bg8 Nxa2 46. Bxf7 Nc3 47. Bg6 Nb5+ 48. Kd3 Nc7 49. Bf5 Kc5 50. Bg4 b3 51. Bd1 b2 52. Kc2 Kd4 53. Kxb2 Kxe5 54. h5 Kd4 55. Kc2 Ke3 56. Kb3 Ne6 57. Kb4 d4 58. Kc4 Nf4 59. Kc5 Nd3+ 60. Kd5 Nf2 61. Ba4 Ne4 62. Ke5 Ng3 63. Bd1 d3 64. Ke6 Kd2 65. Bg4 Ke1 66. Kf7 Ne2 67. Kxg7 d2 68. Bxe2 Kxe2 69. h6 d1Q 70. h7 Qd4+ 71. Kg8 1/2-1/2